000 00307nam a2200121Ia 4500
008 220204s9999 xx 000 0 und d
082 _a547.12
_bGIL
100 _aGilchrist, T L
245 0 _aCarbenes nitrenes and arynes
260 _aNew York
_bAppleton Century
_c1969
700 _aRees, C W
942 _cBK
999 _c33379
_d33379